| 000 | 00788nam a2200241 i 4500 | ||
|---|---|---|---|
| 001 | 9937 | ||
| 003 | ES-MaACL | ||
| 005 | 20250607063009.0 | ||
| 008 | 940525s1991 sp |||| | spa d | ||
| 020 | _a84-239-5834-5 | ||
| 080 | _a64.024.4(464.1) | ||
| 100 | 1 |
_aDíaz, Lorenzo, _d1946- _9166818 |
|
| 245 | 1 | 0 |
_aMadrid _b: tabernas, botillerias y cafés / _cLorenzo Díaz ; prólogo de Luis Carandell. |
| 260 |
_aMadrid : _bEspasa-Calpe, _c[1991] |
||
| 300 |
_a383 p. : _bil. ; _c30 cm. |
||
| 500 | _aÍndice. | ||
| 504 | _aBibliografía: p. 347-355. | ||
| 650 | 1 | 4 |
_aRestaurantes, cafeterías, etc.- _zMadrid. _916874 |
| 651 | 4 |
_aMadrid- _xUsos y costumbres. _98987 |
|
| 700 | 1 |
_aCarandell, Luis, _d1929-2002 _934959 |
|
| 852 |
_aES-MaACL _jL-17469 |
||
| 999 |
_c9937 _d9937 |
||